00827nam a2200181 a 450000100100000000500170001000800410002704000250006811101950009324500150028826000710030330000200037449000690039449000220046350000730048583000180055883000690057600003091520250924073803.0110606s1986 dr 000 0 spa d aDO-SdBNPbspacBNPHU1 aConferencia dictada por el Dr. Fenando Sánchez Martínez, rector de la Universidad Autónoma de Santo Domingo a oficiales de la la policia nacionald(1986:cSanto Domingon9 de octubre )10aDiscursos. aSanto Domingo :bUniversidad Autónoma de Santo Domingo,c[1986]. a17 p. ;c22 cm.1 aPublicaciones de la Universidad Autónoma de Santo Domingov5491 aDiscursosvno. 12 aIncluye referencias bibliográficas y notas al pie de las páginas 0aDiscursosn12 aPublicaciones de la Universidad Autónoma de Santo Domingov546